[Event "Tres Cantos op 11th"]
[Site "Tres Cantos"]
[Date "2019.06.22"]
[Round "1"]
[White "Palacios Sanchez, Victor"]
[Black "Salvador Cabo, Cesar"]
[Result "0-1"]
[WhiteElo "1551"]
[BlackElo "1984"]
[PlyCount "94"]
[EventDate "2019.06.22"]
[EventType "swiss"]
[EventRounds "9"]
[EventCountry "ESP"]
[SourceTitle "CBM 195 Extra"]
[Source "ChessBase"]
[SourceDate "2020.05.31"]
[SourceVersion "1"]
[SourceVersionDate "2020.05.31"]
[SourceQuality "1"]

1. Nf3 Nf6 2. c4 b6 3. g3 Bb7 4. Bg2 c5 5. 0-0 e6 6. Nc3 Be7 7. d3 0-0 8. Bf4 d6 9. a3 Nbd7 10. b4 cxb4 11. axb4 a6 12. Qb3 Qc7 13. e4 Rfc8 14. Rfc1 Bf8 15. Nd2 Ne5 16. Ne2 Qe7 17. Be3 Ned7 18. d4 Ng4 19. Nf1 Nxe3 20. Nxe3 Rab8 21. d5 Nf6 22. Nd4 e5 23. Ndf5 Qd8 24. f3 g6 25. Nh4 Bh6 26. Bh3 Rc7 27. Nhg2 Bc8 28. Bxc8 Qxc8 29. Qa3 Ra8 30. b5 Bf8 31. bxa6 Rca7 32. Qb2 Rxa6 33. Rxa6 Rxa6 34. Qb5 Nd7 35. Rb1 Nc5 36. Qc6 Qb8 37. Ng4 Qd8 38. Ne1 h5 39. Nf2 Qg5 40. f4 exf4 41. Nf3 Qf6 42. e5 Qf5 43. Re1 fxg3 44. Kg2 gxf2 45. e6 fxe1Q 46. Nxe1 Ra2+ 47. Kg1 Qf2+ 0-1

[Event "Barcelona Sants op 16th"]
[Site "Barcelona"]
[Date "2014.08.24"]
[Round "3"]
[White "Gullaksen, Eirik Tvedt"]
[Black "Salvador Cabo, Cesar"]
[Result "1-0"]
[WhiteElo "2361"]
[BlackElo "2041"]
[PlyCount "75"]
[EventDate "2014.08.22"]
[EventType "swiss"]
[EventRounds "10"]
[EventCountry "ESP"]
[SourceTitle "CBM 162 Extra"]
[Source "ChessBase"]
[SourceDate "2014.10.17"]
[SourceVersion "1"]
[SourceVersionDate "2014.10.17"]
[SourceQuality "1"]

1. e4 c6 2. d4 d5 3. Nc3 dxe4 4. Nxe4 Nf6 5. Nxf6+ exf6 6. c3 Bd6 7. Bd3 0-0 8. Qc2 Re8+ 9. Ne2 g6 10. Be3 Be6 11. 0-0 Qc7 12. h3 Nd7 13. c4 f5 14. Bg5 Be7 15. Bxe7 Rxe7 16. Qc3 Rd8 17. Rfe1 Nf8 18. Rad1 Bc8 19. Bc2 Ne6 20. d5 cxd5 21. cxd5 Nf4 22. Nxf4 Rxe1+ 23. Rxe1 Qxf4 24. Qf6 Rf8 25. Bb3 Bd7 26. g3 Qd2 27. Re7 Qc1+ 28. Kh2 Qd2 29. Kg2 Bb5 30. Qc3 Qxc3 31. bxc3 Rb8 32. c4 Be8 33. c5 a6 34. Kf3 Kg7 35. Ke3 Bb5 36. Kd4 Kf6 37. d6 Be8 38. Bd5 1-0